La corrupción en España. Un paseo por el lado oscuro de la democracia y el gobierno.
Guardat en:
| Autor principal: | |
|---|---|
| Altres autors: | , , , , , , |
| Format: | Llibre |
| Publicat: |
Madrid, España:
Alianza,
2016.
|
| Col·lecció: | España: Política y Sociedad
|
| Matèries: | |
| Etiquetes: |
Afegir etiqueta
Sense etiquetes, Sigues el primer a etiquetar aquest registre!
|
MARC
| LEADER | 00000nam a22000007a 4500 | ||
|---|---|---|---|
| 003 | CL-VaPUC | ||
| 005 | 20220825120509.0 | ||
| 008 | 220822t2016 ||||| |||| 00| 0 eng d | ||
| 999 | |c 438404 |d 438402 | ||
| 020 | |a 978-84-9104-407-9 | ||
| 040 | |c Pontificia Universidad Católica de Valparaíso | ||
| 082 | 7 | |a 364.1323 LAP 2016 |2 22 | |
| 100 | 1 | |a Lapuente, Víctor |e autor y coordinador |9 875710 | |
| 245 | |a La corrupción en España. |b Un paseo por el lado oscuro de la democracia y el gobierno. | ||
| 260 | |a Madrid, España: |b Alianza, |c 2016. | ||
| 300 | |a 214 páginas. | ||
| 490 | |a España: Política y Sociedad | ||
| 500 | |a c.1. Donación Elaine Thomas. Memo HIS/007. 15/06/2022 | ||
| 583 | |c 20220822 |k Catalogador Asistente | ||
| 650 | |a Corrupción |x Administración pública |z España |9 875790 | ||
| 650 | |a Corrupción |x Política |z España |9 875791 | ||
| 700 | |a Costas Pérez, Elena |e autora |9 875711 | ||
| 700 | |a Galindo, Jorge |e autor |9 875712 | ||
| 700 | |a Jiménez Sánchez, Fernando |e autor |9 875713 | ||
| 700 | |a Lizcano Álvarez, Jesús |e autor |9 875714 | ||
| 700 | |a Llaneras, Kiko |e autor |9 875715 | ||
| 700 | |a Orriols, Lluís |e autor |9 875716 | ||
| 700 | |a Queralt, Joan J. |e autor |9 875717 | ||
| 942 | |2 ddc |c BK | ||
| 952 | |0 0 |1 0 |2 ddc |4 0 |6 364_132300000000000_LAP_2016 |7 0 |8 A |9 586308 |a BIBHIS |b BIBHIS |c GEN |d 2022-08-22 |e Donación |i 5654245 |o 364.1323 LAP 2016 |p 5654245 |r 2025-01-20 |t 1 |w 2022-08-22 |y BK |k HIS | ||